01303nab a2200265uuc4500001000800000005001700008008004100025035001200066035002100078040001300099041000800112100005900120245010200179520037800281650003800659650003000697650003200727650004400759650002200803700003500825700003700860773011100897942001001008999001901018101602920240724090046.0070215e20060701 spa  a1016029 a(OCoLC)820147351 ccomduadb aspa10aGómez Macías, Elías de Jesús4auteaut954636310aPreparación, caracterización y evaluación de MgO para combustión sin llama de gas natural3 aEl articulo expone los resultados obtenidos del estudio y permiten desarrollar un sistema de combustion catalitica de bajo costo con un material termicamente estable, que promueva la alta eficiencia en la combustion de gas natural y elimine los problemas de estabilidad, seguridad y de impacto ambiental negativo inherenes a los procesos de combustion termica convencional. aCombustión catalítica9156062 7aGas natural2embne942010 aÓxido de magnesio9156061 aCaracterización de materiales9129466 aLecho fijo92672110aJaramillo, Alejandro4auteaut10aMuñera, John4auteaut94332280 tRevista Facultad de Ingeniería (Medellín)gNúmero 37, Julio 2006, p. 41-49w120998x0120-6230067890 cARIMP c410465d410465